| 000 | 00635cam a2200193 4500500 | ||
|---|---|---|---|
| 005 | 20260405004012.0 | ||
| 041 | _afre | ||
| 042 | _adc | ||
| 100 | 1 | 0 |
_aDegiovanni, Clara _eauthor |
| 245 | 0 | 0 | _a“La Fêlure”, de Charlotte Casiraghi : la vulnérabilité en partage |
| 260 | _c2026. | ||
| 500 | _a54 | ||
| 690 | _aCharlotte Casiraghi | ||
| 690 | _aFragilité | ||
| 690 | _aScott Fitzgerald | ||
| 690 | _aVulnérabilité | ||
| 786 | 0 | _nPhilosophie magazine | 197 | 2 | 2026-02-01 | p. 146-146 | 1951-1787 | |
| 856 | 4 | 1 | _uhttps://shs.cairn.info/magazine-philosophie-magazine-2026-2-page-146?lang=fr&redirect-ssocas=7080 |
| 999 |
_c2072815 _d2072815 |
||